<?xml version="1.0" encoding="UTF-8"?>
<marc:record xmlns:marc="http://www.loc.gov/MARC21/slim">
   <marc:leader>00000nam a2200000 a 4500</marc:leader>
   <marc:datafield ind1="1" ind2=" " tag="100">
      <marc:subfield code="a">Swanson, Cynthia</marc:subfield>
      <marc:subfield code="4">aut</marc:subfield>
      <marc:subfield code="e">Verfasser/-in</marc:subfield>
   </marc:datafield>
   <marc:datafield ind1=" " ind2=" " tag="653">
      <marc:subfield code="a">Erzählende Literatur</marc:subfield>
   </marc:datafield>
   <marc:datafield ind1="0" ind2="0" tag="245">
      <marc:subfield code="a">Als ich erwachte</marc:subfield>
   </marc:datafield>
   <marc:datafield ind1="0" ind2="0" tag="245">
      <marc:subfield code="b">Roman</marc:subfield>
   </marc:datafield>
   <marc:datafield ind1="0" ind2="0" tag="245">
      <marc:subfield code="c">Swanson, Cynthia</marc:subfield>
   </marc:datafield>
   <marc:datafield ind1=" " ind2="1" tag="264">
      <marc:subfield code="a">München</marc:subfield>
      <marc:subfield code="b">Diana-Verl.</marc:subfield>
      <marc:subfield code="c">2015</marc:subfield>
   </marc:datafield>
   <marc:datafield ind1="1" ind2=" " tag="520">
      <marc:subfield code="a">Angaben aus der Verlagsmeldung &#xD;
&#xD;
 &#xD;
&#xD;
  Als ich erwachte : Roman The Bookseller / von Cynthia Swanson &#xD;
&#xD;
 &#xD;
Was wäre, wenn du dein Leben zweimal leben würdest?&#xD;
&#xD;
&#xD;
Eines Morgens erwacht Katharyn in einem fremden Bett. Neben ihr liegt ein gut aussehender Mann, der behauptet, ihr Ehemann zu sein. Doch sie ist nicht verheiratet, sondern alleinstehend und stolze Inhaberin einer Buchhandlung. Auch die Kinder, die ins Schlafzimmer stürmen, kennt sie nicht. Dieser Traum lässt sie nicht los, denn immer wieder kehrt sie nachts zu der fremden Familie zurück. Katharyn bleibt keine Wahl: Sie muss herausfinden, in welches Leben sie gehört  doch wird sie die Wahrheit ertragen?</marc:subfield>
   </marc:datafield>
   <marc:datafield ind1=" " ind2=" " tag="020">
      <marc:subfield code="a">9783453291669</marc:subfield>
      <marc:subfield code="9">9783453291669</marc:subfield>
   </marc:datafield>
   <marc:datafield ind1=" " ind2=" " tag="020">
      <marc:subfield code="a">3453291662</marc:subfield>
      <marc:subfield code="9">3453291662</marc:subfield>
   </marc:datafield>
   <marc:datafield ind1=" " ind2=" " tag="041">
      <marc:subfield code="a">ger</marc:subfield>
   </marc:datafield>
   <marc:datafield ind1=" " ind2=" " tag="338">
      <marc:subfield code="a">Band</marc:subfield>
   </marc:datafield>
   <marc:datafield ind1=" " ind2=" " tag="300">
      <marc:subfield code="a">430 S.</marc:subfield>
   </marc:datafield>
</marc:record>
